| 000 | 00733nam a2200229 i 4500 | ||
|---|---|---|---|
| 001 | 135313 | ||
| 003 | ES-MaACL | ||
| 005 | 20250727040429.0 | ||
| 007 | t| | ||
| 008 | 070716s1978 sp ||||1| spa d | ||
| 100 | 1 |
_aTogliatti, Palmiro. _9110420 |
|
| 245 | 1 | 0 |
_aPor una Constitución democrática / _cPalmiro Togliatti ; prólogo de Eliseo Aja ; traducción: José Mª Colomer. |
| 250 | _a[1ª ed.]. | ||
| 260 |
_a[Barcelona] : _bAvance, _c[1978] |
||
| 300 |
_a127 p. ; _c20 cm. |
||
| 490 | 1 |
_aSocialismo y democracia ; _v5 |
|
| 700 | 1 |
_aAja, Eliseo. _919023 |
|
| 700 | 1 |
_aColomer, José Mª. _939849 |
|
| 830 | 0 | 0 |
_aSocialismo y democracia _v5 _9219914 |
| 852 |
_aES-MaACL _jA-8703 _bR.97848 |
||
| 999 |
_c135313 _d135313 |
||